01016 2200313 4500001002100000005001500021035002000036007000300056040001700059100002900076245020200105250001200307300003300319041000800352082001200360090002100372264004700393336002100440337003000461338002300491650002100514850001000535008004100545020001800586700003900604084001800643990002000661990002100681INLIS00000000000582320260424110354 a0010-0322000067ta aSBPUPADbind0 aEddie LembongePengarang1 aGeliat Industri Farmasi di Indonesia Menuju Era Globalisasi :bSumbangsih Pemikiran Eddie Lembong Terhadap Masalah dan Tantangan Industri Farmasi Nasional /cEddie Lembong ; editor,Heriyanto Lingga a.-cet.1 av, 239 hlm. :bilus. ;c21cm0 aind a338.476 a338.1 HAS d 10-2 a.--jakarta :bPustaka Sinar Harapan,c1999 2rdacontentaTeks 2rdamediaaTanpa Perantara 2rdacarrieraVolume 4aIndustri Farmasi aPUPAD260424 0  a979-416-599-9 aeditor,Heriyanto LinggaePengarang a338.476 HER g a0655/Arpus/2005 a00655/Arpus/2005